Fanúšikovský cestovný ruch a jeho vplyv na rozvoj územia s dôrazom na futbalové podujatia, prípadová štúdia vybranej turistickej destinácie bakalárska práca
Enregistré dans:
| Auteur principal: | |
|---|---|
| Collectivité auteur: | |
| Autres auteurs: | |
| Format: | Livre |
| Langue: | slovaque |
| Publié: |
Bratislava
2023
|
| Tags: |
Pas de tags, Soyez le premier à ajouter un tag!
|
MARC
| LEADER | 00000nbm a2200000 4500 | ||
|---|---|---|---|
| 001 | 0294891 | ||
| 005 | 20240118141035.9 | ||
| 041 | 0 | |a slo | |
| 044 | |a SK | ||
| 245 | 1 | 0 | |a Fanúšikovský cestovný ruch a jeho vplyv na rozvoj územia s dôrazom na futbalové podujatia, prípadová štúdia vybranej turistickej destinácie |b bakalárska práca |c Stanislav Zeman ; školiteľ: Kvetoslava Matlovičová |
| 264 | 1 | |a Bratislava |c 2023 | |
| 300 | |a 55 s. | ||
| 100 | 1 | |a Zeman, Stanislav | |
| 700 | 1 | |a Matlovičová, Kvetoslava, 1971- | |
| 710 | 2 | |a Obchodná fakulta EU. Katedra cestovného ruchu | |